Central Library OPAC University of Rajshahi

المغرب في حلى المغرب /[almaghrib fi hlaa almaghrib] / (Record no. 79682)

MARC details
000 -LEADER
fixed length control field 02417nam a2200493 a 4500
001 - CONTROL NUMBER
control field 79682
003 - CONTROL NUMBER IDENTIFIER
rucl marc code BD-RjUL
005 - DATE AND TIME OF LATEST TRANSACTION
control field 20220411091221.0
008 - FIXED-LENGTH DATA ELEMENTS--GENERAL INFORMATION
fixed length control field 220411s1953 ua 000 0 ara d
035 ## - SYSTEM CONTROL NUMBER
System control number (BD-RjUL)79682
040 ## - CATALOGING SOURCE
Original cataloging agency BIC
Language of cataloging eng
Transcribing agency BD-RjUL
041 ## - LANGUAGE CODE
Language code of text/sound track or separate title ara
082 ## - DEWEY DECIMAL CLASSIFICATION NUMBER
Edition number 23
Classification number 946.8
Author mark and year DAM 1953
100 1# - MAIN ENTRY--PERSONAL NAME
Personal name ضيف، شوقي،[dayfi, shawqi,]
Dates associated with a name 1910-2005
Relator term محقق
9 (RLIN) 2333
245 10 - TITLE STATEMENT
Title المغرب في حلى المغرب /[almaghrib fi hlaa almaghrib] /
Statement of responsibility, etc. حققه وعلق عليه شوقي ضيف. [haqaqah waealaq ealayh shawqi dayf.]
260 ## - PUBLICATION, DISTRIBUTION, ETC. (IMPRINT)
Place of publication, distribution, etc. القاهرة :
Name of publisher, distributor, etc. دار المعارف,
Date of publication, distribution, etc. 1953
300 ## - PHYSICAL DESCRIPTION
Pagination v.; ج. ; :
Illustrations 1-2 ج. ;
Size 24 سم.
490 ## - SERIES STATEMENT
Series statement ذخائر العرب
Volume/sequential designation 10
505 ## - FORMATTED CONTENTS NOTE
Formatted contents note Vol. 1.--
650 #7 - SUBJECT ADDED ENTRY--TOPICAL TERM
Topical term or geographic name as entry element الدولة الأندلسية
General subdivision تاريخ
Source of heading or term BIC
9 (RLIN) 2334
Topical term or geographic name as entry element الشعر العربي
Form subdivision مجموعات
Chronological subdivision العصر الأندلسي
Source of heading or term BIC
9 (RLIN) 2335
651 #7 - SUBJECT ADDED ENTRY--GEOGRAPHIC NAME
Geographic name الدولة الأندلسية
Source of heading or term BIC
9 (RLIN) 2336
Geographic name قرطبة
Source of heading or term BIC
9 (RLIN) 2337
Geographic name قرطبة
General subdivision تاريخ
Source of heading or term BIC
9 (RLIN) 2338
Geographic name اشبيلية
Source of heading or term BIC
9 (RLIN) 2339
Geographic name اشبيلية
General subdivision تاريخ
Source of heading or term BIC
9 (RLIN) 2340
Geographic name الدولة الأندلسية
General subdivision المدن
Source of heading or term BIC
9 (RLIN) 2341
Geographic name الدولة الأندلسية
General subdivision المدن
Geographic subdivision بطليوس
Source of heading or term BIC
9 (RLIN) 2342
Geographic name الدولة الأندلسية
General subdivision المدن
Geographic subdivision شلب
Source of heading or term BIC
9 (RLIN) 2343
Geographic name الدولة الأندلسية
General subdivision المدن
Geographic subdivision باجة
Source of heading or term BIC
9 (RLIN) 2344
Geographic name الدولة الأندلسية
General subdivision المدن
Geographic subdivision اشبونة
Source of heading or term BIC
9 (RLIN) 2345
Geographic name الدولة الأندلسية
General subdivision المدن
Geographic subdivision مالقة
Source of heading or term BIC
9 (RLIN) 2346
Geographic name الدولة الأندلسية
General subdivision المدن
Geographic subdivision طليطلة
Source of heading or term BIC
9 (RLIN) 2347
Geographic name الدولة الأندلسية
General subdivision المدن
Geographic subdivision جيان
9 (RLIN) 2348
Geographic name الدولة الأندلسية
General subdivision المدن
Geographic subdivision البيره
Source of heading or term BIC
9 (RLIN) 2349
Geographic name الدولة الأندلسية
General subdivision المدن
Geographic subdivision المرية
9 (RLIN) 2350
Geographic name الدولة الأندلسية
General subdivision المدن
Geographic subdivision بلنسية
9 (RLIN) 2351
Geographic name الدولة الأندلسية
General subdivision المدن
Geographic subdivision تدمير
9 (RLIN) 2352
Geographic name الدولة الأندلسية
General subdivision المدن
Geographic subdivision طرطوشة
9 (RLIN) 2353
Geographic name الدولة الأندلسية
General subdivision المدن
Geographic subdivision السهلة
9 (RLIN) 2354
Geographic name الدولة الأندلسية
General subdivision المدن
Geographic subdivision ميورقة
9 (RLIN) 2355
830 #0 - SERIES ADDED ENTRY--UNIFORM TITLE
Uniform title ذخائر العرب ;
Volume number/sequential designation 10
942 ## - ADDED ENTRY ELEMENTS (KOHA)
Source of classification or shelving scheme Dewey Decimal Classification
Koha item type Books
Holdings
Lost status Source of classification or shelving scheme Damaged status Not for loan Collection code Permanent Location Current Location Shelving location Date acquired Source of acquisition Cost, normal purchase price Full call number Date last seen Copy number Koha item type
  Dewey Decimal Classification   Not For Loan Non-fiction Central Library, University of Rajshahi Central Library, University of Rajshahi Reading Room 14/09/1968 Zeitlinger 175.00 A 946.8 DAM V-1 1953 10/04/2022 C-1 Books
  Dewey Decimal Classification   Not For Loan Non-fiction Central Library, University of Rajshahi Central Library, University of Rajshahi Reading Room 14/09/1968 Zeitlinger 175.00 A 946.8 DAM V-2 1955 10/04/2022 C-1 Books